عرض عادي عرض مارك
  • ETVC 2008

مدخل إسم مؤتمر

عدد التسجيلات المستخدمة في: 1

001 - رقم الضبط

  • حقل الضبط: 40718

003 - معرف رقم الضبط

  • حقل الضبط: OSt

005 - تاريخ ووقت أخر عملية

  • حقل الضبط: 20131123160524.0

008 - عناصر بيانات ثابتة الطول

  • حقل تحكم ثابت الطول: 131123|||a|||||| | ||| d

040 ## - مصدر الفهرسة

  • هيئة الفهرسة الأصلية: OSt
  • وكالة الكتابة: OSt

111 ## - مدخل -- اسم مؤتمر

  • اسم الملتقي او اسم السلطه كعنصر مدخل: ETVC 2008
  • تاريخ المؤتمر: (2008 :
  • مكان الملتقي: Palaiseau, France)

670 ## - بيانات المصدر موجوده

  • الاستشهاد بالمصدر: Work cat.: (OSt)0: ETVC 2008 (2008 : Palaiseau, France), Emerging trends in visual computing :, 2009.